[Event "AZE-ch Blitz"]
[Site "Baku"]
[Date "2022.12.05"]
[Round "9"]
[White "Ahmad, Khagan"]
[Black "Garayev, Khoshbakht"]
[Result "0-1"]
[WhiteElo "2133"]
[BlackElo "2344"]
[PlyCount "126"]
[EventDate "2022.12.05"]
[EventType "swiss (blitz)"]
[EventRounds "9"]
[EventCountry "AZE"]
[SourceTitle "CBM 211 Extra"]
[Source "ChessBase"]
[SourceDate "2023.01.31"]
[SourceVersion "1"]
[SourceVersionDate "2023.01.31"]
[SourceQuality "1"]

1. Nf3 Nf6 2. e3 g6 3. d4 Bg7 4. b3 c5 5. Bb2 cxd4 6. Nxd4 0-0 7. Be2 d5 8. 0-0 Re8 9. Nf3 Nc6 10. c4 e5 11. cxd5 Nxd5 12. Nfd2 Be6 13. Nc3 Nxc3 14. Bxc3 Qe7 15. Bc4 Rad8 16. Qe2 a6 17. Rac1 Bf5 18. e4 Be6 19. Bxe6 Qxe6 20. Rfd1 Nd4 21. Bxd4 exd4 22. Qd3 Rc8 23. Rxc8 Rxc8 24. Nb1 Qc6 25. f3 Qc2 26. Qd2 Qxd2 27. Nxd2 Rc2 28. a4 Rb2 29. Kf2 b5 30. axb5 axb5 31. Ke2 Rc2 32. Kd3 Rc3+ 33. Ke2 Re3+ 34. Kf2 Bf8 35. f4 Rd3 36. Ke2 Re3+ 37. Kf2 Bb4 38. Nf3 Rxe4 39. g3 Bc3 40. Rd3 b4 41. Ne5 Kg7 42. Kf3 Re1 43. Nc6 Rf1+ 44. Kg2 Rb1 45. Nxd4 Kf6 46. Kh3 Rb2 47. Nb5 Rxb3 48. Nxc3 Rxc3 49. Rd6+ Ke7 50. Rb6 b3 51. Kg4 h6 52. h4 h5+ 53. Kh3 Kd7 54. Rb4 Kc6 55. Kg2 Kc5 56. Rb7 Kc4 57. Rc7+ Kd3 58. Rxf7 b2 59. Rb7 Kc2 60. g4 Rb3 61. Rc7+ Kd2 62. gxh5 b1Q 63. Rd7+ Rd3 0-1

[Event "AZE-ch Rapid"]
[Site "Baku"]
[Date "2022.12.03"]
[Round "7"]
[White "Garayev, Khoshbakht"]
[Black "Manafov, Vugar Gulam"]
[Result "1/2-1/2"]
[WhiteElo "2344"]
[BlackElo "2359"]
[PlyCount "156"]
[EventDate "2022.12.02"]
[EventType "swiss (rapid)"]
[EventRounds "9"]
[EventCountry "AZE"]
[SourceTitle "CBM 211 Extra"]
[Source "ChessBase"]
[SourceDate "2023.01.31"]
[SourceVersion "1"]
[SourceVersionDate "2023.01.31"]
[SourceQuality "1"]

1. d4 Nf6 2. c4 e6 3. g3 Bb4+ 4. Nd2 0-0 5. Bg2 d6 6. a3 Bxd2+ 7. Bxd2 a5 8. Bc3 a4 9. Qc2 Qe7 10. Nf3 b6 11. Ne5 Ra7 12. Nc6 Nxc6 13. Bxc6 Ba6 14. Qxa4 Bb7 15. Qb5 Ne4 16. Bb4 Ba6 17. Qe5 Nf6 18. Rc1 Bb7 19. Qb5 Bxc6 20. Qxc6 e5 21. dxe5 Qxe5 22. Bc3 Qe6 23. 0-0 Qxe2 24. Rfe1 Qh5 25. Bxf6 gxf6 26. Re7 Qc5 27. Qf3 Kg7 28. b4 Qg5 29. Rce1 Rfa8 30. h4 Qg6 31. Qd5 Rxa3 32. h5 c6 33. h6+ Kxh6 34. Qxd6 Rb3 35. Qxc6 Ra2 36. R7e2 Rxe2 37. Rxe2 Rxb4 38. Re4 b5 39. Rh4+ Kg7 40. Qc5 Rxc4 41. Rxc4 bxc4 42. Qxc4 Qf5 43. Qd4 h5 44. Qe3 Qe5 45. Qf3 Qa1+ 46. Kg2 Qa5 47. Kh2 Qe5 48. Kg1 Kg6 49. Qa8 f5 50. Qg8+ Qg7 51. Qc8 Qf6 52. Qg8+ Kh6 53. Qf8+ Kh7 54. Qb4 Qe5 55. Qf8 Qe6 56. Qb4 Kg7 57. Qd4+ f6 58. Qa7+ Kg6 59. Qb8 Kg5 60. Qf4+ Kg6 61. Qb8 Qd5 62. Qe8+ Qf7 63. Qb8 Qe6 64. Qf4 Qe4 65. Qb8 f4 66. Qg8+ Kh6 67. Qf8+ Kg5 68. Qg7+ Qg6 69. gxf4+ Kf5+ 70. Qxg6+ Kxg6 71. Kg2 Kf5 72. Kg3 Ke4 73. Kh4 Kxf4 74. Kxh5 f5 75. Kg6 Kg4 76. Kf6 f4 77. Ke5 Kf3 78. Kf5 Kxf2 1/2-1/2

[Event "AZE-ch Rapid"]
[Site "Baku"]
[Date "2022.12.03"]
[Round "9"]
[White "Garayev, Khoshbakht"]
[Black "Suleymanli, Aydin Elshan"]
[Result "0-1"]
[WhiteElo "2344"]
[BlackElo "2543"]
[PlyCount "110"]
[EventDate "2022.12.02"]
[EventType "swiss (rapid)"]
[EventRounds "9"]
[EventCountry "AZE"]
[SourceTitle "CBM 211 Extra"]
[Source "ChessBase"]
[SourceDate "2023.01.31"]
[SourceVersion "1"]
[SourceVersionDate "2023.01.31"]
[SourceQuality "1"]

1. d4 Nf6 2. c4 e6 3. g3 d5 4. Bg2 Bb4+ 5. Nd2 0-0 6. Ngf3 dxc4 7. Qc2 Nc6 8. Qxc4 Qd5 9. 0-0 Bxd2 10. Qxd5 exd5 11. Bxd2 Ne7 12. Rfc1 c6 13. Ne5 Re8 14. b4 Nf5 15. e3 Nd6 16. a4 a6 17. f3 Nd7 18. Nxd7 Bxd7 19. Bf1 h5 20. Kf2 g5 21. e4 dxe4 22. Bxg5 exf3 23. Kxf3 c5 24. Rxc5 Ne4 25. Kf4 f6 26. Bh4 Nxc5 27. bxc5 Kg7 28. Bg2 Rad8 29. d5 Rc8 30. Rb1 Rxc5 31. Rxb7 Rc4+ 32. Kf3 Re7 33. Rb2 Rxa4 34. Kf2 Bb5 35. Bf3 Kg6 36. Rd2 Re5 37. Bd1 Rf5+ 38. Ke3 Re5+ 39. Kf2 Ra1 40. d6 Bd7 41. Bc2+ Kg7 42. Bd1 a5 43. h3 Ra3 44. g4 Ree3 45. g5 f5 46. Rb2 Rxh3 47. Rb7 Rh2+ 48. Ke1 Rxh4 49. Rxd7+ Kg6 50. Rc7 Rh1+ 51. Kd2 Rh2+ 52. Ke1 Ra1 53. d7 Rh1+ 54. Ke2 Rhxd1 55. Rc1 Raxc1 0-1

[Event "AZE-ch Rapid"]
[Site "Baku"]
[Date "2022.12.02"]
[Round "1"]
[White "Mamedov, Rauf"]
[Black "Garayev, Khoshbakht"]
[Result "1-0"]
[WhiteElo "2646"]
[BlackElo "2344"]
[PlyCount "63"]
[EventDate "2022.12.02"]
[EventType "swiss (rapid)"]
[EventRounds "9"]
[EventCountry "AZE"]
[SourceTitle "CBM 211 Extra"]
[Source "ChessBase"]
[SourceDate "2023.01.31"]
[SourceVersion "1"]
[SourceVersionDate "2023.01.31"]
[SourceQuality "1"]

1. e4 e5 2. Nf3 Nf6 3. Nc3 Nc6 4. Bb5 Nd4 5. 0-0 c6 6. Bc4 b5 7. Bb3 Nxf3+ 8. Qxf3 d6 9. a4 b4 10. Ne2 d5 11. Ng3 Bc5 12. h3 Be6 13. d3 dxe4 14. dxe4 Bxb3 15. cxb3 Nd7 16. Bd2 g6 17. Rac1 Qe7 18. Rfd1 Bd4 19. Rxc6 Bxb2 20. Bh6 Bd4 21. Ne2 Rd8 22. Rdc1 f6 23. Qd3 Nb8 24. Qb5 Nxc6 25. Rxc6 Qd7 26. Qc4 Ke7 27. Nxd4 exd4 28. e5 Qd5 29. Qxb4+ Ke8 30. exf6 Qe5 31. Qb7 Rd7 32. Rc8+ 1-0

[Event "Cappelle Online Rapid op"]
[Site "Europe Echecs INT"]
[Date "2021.03.06"]
[Round "8"]
[White "Garayev, Khoshbakht"]
[Black "Gu, Xiaobing"]
[Result "1-0"]
[WhiteElo "2331"]
[BlackElo "2263"]
[PlyCount "85"]
[EventDate "2021.03.06"]
[EventType "swiss (rapid)"]
[EventRounds "9"]
[EventCountry "FRA"]
[SourceTitle "CBM 201 Extra"]
[Source "ChessBase"]
[SourceDate "2021.05.31"]
[SourceVersion "1"]
[SourceVersionDate "2021.05.31"]
[SourceQuality "1"]

1. d4 Nf6 2. c4 g6 3. Nc3 Bg7 4. e4 d6 5. f4 0-0 6. Nf3 e5 7. fxe5 dxe5 8. d5 c5 9. Be2 Ne8 10. 0-0 Nd6 11. Be3 b6 12. Rb1 Qe7 13. a3 Bd7 14. b4 Na6 15. Nd2 Rfc8 16. Qb3 Bf8 17. Bf3 Nb7 18. Na2 Rab8 19. Qd3 Nd6 20. Nc3 b5 21. bxc5 Nxc5 22. Qe2 a5 23. cxb5 Nxb5 24. Nxb5 Na4 25. Qd3 Bxb5 26. Rxb5 Rc3 27. Qb1 Rbc8 28. Bg4 f5 29. exf5 Rxe3 30. f6 Qa7 31. Bxc8 Rb3+ 32. Kh1 Rxb1 33. Rbxb1 Nc3 34. Be6+ Kh8 35. Rbc1 Qe3 36. Rf3 Qxd2 37. Rfxc3 h5 38. Rc8 Kh7 39. h4 e4 40. Bh3 Bd6 41. Rb1 Qxd5 42. Be6 Qxe6 43. Rb7+ 1-0

[Event "Cappelle Online Rapid op"]
[Site "Europe Echecs INT"]
[Date "2021.03.06"]
[Round "5"]
[White "Hauchard, Arnaud"]
[Black "Garayev, Khoshbakht"]
[Result "1/2-1/2"]
[WhiteElo "2515"]
[BlackElo "2331"]
[PlyCount "93"]
[EventDate "2021.03.06"]
[EventType "swiss (rapid)"]
[EventRounds "9"]
[EventCountry "FRA"]
[SourceTitle "CBM 201 Extra"]
[Source "ChessBase"]
[SourceDate "2021.05.31"]
[SourceVersion "1"]
[SourceVersionDate "2021.05.31"]
[SourceQuality "1"]

1. e4 e5 2. Nc3 Nf6 3. f4 d5 4. fxe5 Nxe4 5. Qf3 Nxc3 6. dxc3 Be7 7. Bf4 Be6 8. 0-0-0 Nd7 9. Qg3 g5 10. Be3 h5 11. h4 g4 12. Ne2 c6 13. Nd4 Qc7 14. Bf4 0-0-0 15. Qe3 Bc5 16. Bd3 Rde8 17. g3 a6 18. Kb1 Qb6 19. Rhf1 Bxd4 20. cxd4 c5 21. c3 Kb8 22. Bg5 Ka8 23. Ka1 cxd4 24. cxd4 Nb8 25. Bf6 Rhg8 26. Bh7 Nc6 27. Bxg8 Rxg8 28. Rf4 Rc8 29. Rc1 Ka7 30. Rc3 Re8 31. Rc5 Qb4 32. Qc3 Qa4 33. b3 Qa3 34. Qb2 Qb4 35. Qc3 Qa3 36. Rf2 Rc8 37. Rc2 Bf5 38. b4 Qa4 39. Rc1 Nxb4 40. Qb3 Rxc5 41. Rxc5 Nc2+ 42. Rxc2 Qxb3 43. axb3 Bxc2 44. Kb2 Bf5 45. Kc3 Kb6 46. Bd8+ Kc6 47. Kb4 1/2-1/2

[Event "Cappelle Online Rapid op"]
[Site "Europe Echecs INT"]
[Date "2021.03.06"]
[Round "3"]
[White "Houard, Sebastien"]
[Black "Garayev, Khoshbakht"]
[Result "0-1"]
[WhiteElo "2123"]
[BlackElo "2331"]
[PlyCount "88"]
[EventDate "2021.03.06"]
[EventType "swiss (rapid)"]
[EventRounds "9"]
[EventCountry "FRA"]
[SourceTitle "CBM 201 Extra"]
[Source "ChessBase"]
[SourceDate "2021.05.31"]
[SourceVersion "1"]
[SourceVersionDate "2021.05.31"]
[SourceQuality "1"]

1. e4 e5 2. Nc3 Nc6 3. Bc4 Nf6 4. d3 d6 5. Bg5 Be7 6. Bb3 0-0 7. Qf3 Nd4 8. Qd1 a5 9. Nge2 Ne6 10. Bxf6 Bxf6 11. 0-0 c6 12. a3 b5 13. Ng3 g6 14. Nce2 Nf4 15. c3 a4 16. Ba2 Bg5 17. d4 Qf6 18. f3 h5 19. Nxf4 Bxf4 20. Re1 h4 21. Nf1 Qg5 22. Re2 Ba6 23. Rc2 Rad8 24. Qe1 Qf6 25. g3 hxg3 26. hxg3 Bh6 27. Qf2 Kg7 28. Nh2 Bc8 29. Kg2 Rh8 30. Rh1 Bh3+ 31. Kg1 Rde8 32. Re2 Qg5 33. Ng4 Bxg4 34. fxg4 f6 35. Qf3 exd4 36. cxd4 c5 37. dxc5 Qxc5+ 38. Kg2 Bg5 39. Ree1 Rxh1 40. Kxh1 Rh8+ 41. Kg2 Qc2+ 42. Re2 Qc1 43. Qc3 Qh1+ 44. Kf2 Rh2# 0-1

[Event "Cappelle Online Bullet op"]
[Site "Europe Echecs INT"]
[Date "2021.03.05"]
[Round "6"]
[White "Garayev, Khoshbakht"]
[Black "Fischler, Oscar"]
[Result "1-0"]
[WhiteElo "2331"]
[BlackElo "1866"]
[PlyCount "131"]
[EventDate "2021.03.05"]
[EventType "swiss (blitz)"]
[EventRounds "15"]
[EventCountry "FRA"]
[SourceTitle "EXT 2022"]
[Source "ChessBase"]
[SourceDate "2021.10.06"]
[SourceVersion "1"]
[SourceVersionDate "2021.10.06"]
[SourceQuality "1"]

1. e4 e5 2. Nf3 Nc6 3. d4 exd4 4. Bc4 Bc5 5. 0-0 Nge7 6. c3 0-0 7. cxd4 Bb6 8. d5 Nb8 9. Nc3 d6 10. Bg5 Nd7 11. Bh4 Qe8 12. a4 a5 13. Re1 Ng6 14. Bg3 Nde5 15. Nxe5 Nxe5 16. Bb5 Bd7 17. Kh1 Bxb5 18. Nxb5 Nc4 19. b3 Ne5 20. Rc1 Qd7 21. f4 Ng4 22. Qd2 Nf6 23. e5 dxe5 24. Rxe5 Rfe8 25. Rd1 Rad8 26. Bh4 c6 27. Bxf6 gxf6 28. Rxe8+ Rxe8 29. Nc3 cxd5 30. Nxd5 Qe6 31. h3 Be3 32. Qd3 Bc5 33. Nc7 Qe7 34. Nxe8 Qxe8 35. Qd5 Bf8 36. Qd8 Qe2 37. Qd2 Qe4 38. Qd3 Qe6 39. Qf3 Bg7 40. Rf1 Bf8 41. Qg4+ Bg7 42. Qxe6 fxe6 43. f5 Kf7 44. fxe6+ Kxe6 45. Rd1 Kf7 46. Re1 Bf8 47. Rf1 Be7 48. Rf3 Ke8 49. Re3 Kd7 50. Rd3+ Ke8 51. g3 Kf7 52. Kg2 Ke8 53. Kf3 Kf7 54. Rd2 Ke8 55. Re2 Kf7 56. Re1 Ke8 57. h4 Kf7 58. h5 Kf8 59. h6 Kf7 60. g4 Kf8 61. g5 Kf7 62. g6+ Kf8 63. Kf4 Kg8 64. Kf5 Kf8 65. g7+ Kg8 66. Ke6 1-0

[Event "Cappelle Online Bullet op"]
[Site "Europe Echecs INT"]
[Date "2021.03.05"]
[Round "14"]
[White "Garayev, Khoshbakht"]
[Black "Urazayev, Arystanbek"]
[Result "1-0"]
[WhiteElo "2331"]
[BlackElo "2429"]
[PlyCount "137"]
[EventDate "2021.03.05"]
[EventType "swiss (blitz)"]
[EventRounds "15"]
[EventCountry "FRA"]
[SourceTitle "EXT 2022"]
[Source "ChessBase"]
[SourceDate "2021.10.06"]
[SourceVersion "1"]
[SourceVersionDate "2021.10.06"]
[SourceQuality "1"]

1. a3 d5 2. Nf3 e6 3. g3 Nf6 4. Bg2 Be7 5. b3 0-0 6. Bb2 b6 7. 0-0 Bb7 8. c4 c5 9. d3 dxc4 10. bxc4 Nc6 11. Nbd2 Qc7 12. Qc2 Rfd8 13. Rad1 Rac8 14. Qb1 h6 15. Qa1 Qd7 16. Ne5 Nxe5 17. Bxb7 Qxb7 18. Bxe5 Rd7 19. f4 Qc6 20. h3 a6 21. f5 exf5 22. Rxf5 Qe6 23. Rdf1 Ne8 24. Rxf7 Qxf7 25. Rxf7 Kxf7 26. Nf3 Bf6 27. Bxf6 gxf6 28. Qc1 Kg7 29. Qf4 Rcc7 30. Nh4 Nd6 31. Kg2 b5 32. Qg4+ Kf7 33. Qg6+ Ke6 34. Qxh6 bxc4 35. dxc4 Nxc4 36. Ng6 Kd6 37. Qf4+ Kd5 38. Nf8 Re7 39. Qf5+ Kd4 40. Ne6+ Rxe6 41. Qxe6 Ne3+ 42. Kf3 Nd5 43. Qe4+ Kc3 44. Qxd5 c4 45. Qd6 Rc8 46. Qxf6+ Kb3 47. Qb6+ Kc2 48. Qxa6 Rf8+ 49. Ke3 c3 50. Qd3+ Kb2 51. Qb5+ Kc1 52. Qb4 Re8+ 53. Kd3 c2 54. Qe1+ Kb2 55. Qb4+ Ka2 56. Qc4+ Ka1 57. Qc3+ Kb1 58. Qxc2+ Ka1 59. Qc3+ Kb1 60. Qc6 Ka1 61. Qxe8 Kb2 62. a4 Ka1 63. a5 Kb2 64. a6 Ka1 65. a7 Kb2 66. a8Q Kc1 67. Qac8+ Kb2 68. Qc2+ Ka1 69. Qa8# 1-0

[Event "Cappelle Online Bullet op"]
[Site "Europe Echecs INT"]
[Date "2021.03.05"]
[Round "9"]
[White "Garayev, Khoshbakht"]
[Black "Velten, Paul"]
[Result "1-0"]
[WhiteElo "2331"]
[BlackElo "2482"]
[PlyCount "143"]
[EventDate "2021.03.05"]
[EventType "swiss (blitz)"]
[EventRounds "15"]
[EventCountry "FRA"]
[SourceTitle "EXT 2022"]
[Source "ChessBase"]
[SourceDate "2021.10.06"]
[SourceVersion "1"]
[SourceVersionDate "2021.10.06"]
[SourceQuality "1"]

1. Nf3 e6 2. g3 Nf6 3. Bg2 d5 4. 0-0 b5 5. b3 Bb7 6. Bb2 c5 7. c4 bxc4 8. bxc4 d4 9. d3 Nc6 10. Nbd2 Bd6 11. Rb1 Rb8 12. e3 dxe3 13. fxe3 0-0 14. Qe2 Nd7 15. Bc3 Nb4 16. a3 Nc6 17. Ne4 Be7 18. Nfd2 Qc7 19. Qh5 Nce5 20. Qe2 Rfd8 21. Nf3 Nxf3+ 22. Bxf3 Nf8 23. Bg2 Bc6 24. Rbd1 f5 25. Nf2 Rb3 26. Ba1 Bxg2 27. Kxg2 Qb7+ 28. Qf3 Qxf3+ 29. Kxf3 Rxa3 30. d4 cxd4 31. Rxd4 Rxd4 32. Bxd4 Kf7 33. Rc1 Nd7 34. c5 e5 35. c6 exd4 36. cxd7 Rxe3+ 37. Kg2 Ke6 38. Rc7 Bd8 39. Rxa7 Rc3 40. Nd1 Rc7 41. Ra4 Rxd7 42. Kf3 Bf6 43. Ke2 g5 44. Kd3 Rc7 45. Nb2 Kf7 46. Kd2 Kg6 47. Nd3 Rb7 48. Ra5 Re7 49. Ra6 Re4 50. Nc5 Re5 51. Nd7 Rd5 52. Nxf6 Rb5 53. Ne4+ Kh5 54. Nd6 Kg4 55. Nxb5 Kf3 56. Nxd4+ Kg2 57. Nxf5 Kh3 58. Nh6 Kg2 59. Nf7 Kh1 60. Nxg5 Kg2 61. Nxh7 Kh1 62. g4 Kg2 63. g5 Kh3 64. g6 Kg2 65. g7 Kh1 66. Rb6 Kxh2 67. Rc6 Kh3 68. Rg6 Kh4 69. Rg4+ Kh3 70. g8Q Kh2 71. Qg6 Kh1 72. Qh5# 1-0

[Event "Cappelle Online Bullet op"]
[Site "Europe Echecs INT"]
[Date "2021.03.05"]
[Round "11"]
[White "Mamedov, Rauf"]
[Black "Garayev, Khoshbakht"]
[Result "1-0"]
[WhiteElo "2654"]
[BlackElo "2331"]
[PlyCount "61"]
[EventDate "2021.03.05"]
[EventType "swiss (blitz)"]
[EventRounds "15"]
[EventCountry "FRA"]
[SourceTitle "EXT 2022"]
[Source "ChessBase"]
[SourceDate "2021.10.06"]
[SourceVersion "1"]
[SourceVersionDate "2021.10.06"]
[SourceQuality "1"]

1. g3 g6 2. Bg2 Bg7 3. d3 d6 4. e4 Nf6 5. Nf3 e5 6. 0-0 0-0 7. Re1 Nbd7 8. d4 Re8 9. dxe5 Nxe5 10. Nxe5 dxe5 11. Qe2 Be6 12. Nc3 Qe7 13. Be3 c6 14. h3 b6 15. a4 Rad8 16. a5 c5 17. axb6 axb6 18. Na4 Qb7 19. Qb5 Bd7 20. Qxb6 Qxb6 21. Nxb6 Bc6 22. Bxc5 Rd2 23. Rac1 Nd7 24. Nxd7 Bxd7 25. Be3 Rd6 26. c4 Ra6 27. c5 Be6 28. b4 Rc8 29. b5 Ra5 30. b6 Raxc5 31. Rxc5 1-0

[Event "Cappelle Online Bullet op"]
[Site "Europe Echecs INT"]
[Date "2021.03.05"]
[Round "13"]
[White "Sonis, Francesco"]
[Black "Garayev, Khoshbakht"]
[Result "1-0"]
[WhiteElo "2477"]
[BlackElo "2331"]
[PlyCount "83"]
[EventDate "2021.03.05"]
[EventType "swiss (blitz)"]
[EventRounds "15"]
[EventCountry "FRA"]
[SourceTitle "EXT 2022"]
[Source "ChessBase"]
[SourceDate "2021.10.06"]
[SourceVersion "1"]
[SourceVersionDate "2021.10.06"]
[SourceQuality "1"]

1. d4 Nf6 2. c4 g6 3. Nf3 d5 4. cxd5 Nxd5 5. e4 Nb6 6. Nc3 Bg7 7. h3 0-0 8. Be3 Nc6 9. Rc1 f5 10. d5 Ne5 11. Nxe5 Bxe5 12. exf5 gxf5 13. f4 Bg7 14. Be2 e6 15. Bf3 exd5 16. Nxd5 Nxd5 17. Qxd5+ Kh8 18. Qxd8 Rxd8 19. Rxc7 Bxb2 20. Kf2 Rd7 21. Rxd7 Bxd7 22. Rb1 Bf6 23. Rxb7 Rd8 24. Rxa7 Be6 25. Ra6 Re8 26. Bh5 Re7 27. Bc5 Rc7 28. Rxe6 Rxc5 29. Rxf6 Rc2+ 30. Kg3 Rxa2 31. Rxf5 Ra3+ 32. Kh4 Kg7 33. g4 Kh6 34. Rf6+ Kg7 35. Rf7+ Kg8 36. Rb7 Ra4 37. f5 Ra5 38. f6 Ra8 39. f7+ Kf8 40. Kg5 Rc8 41. Rb5 Rc6 42. Rb8+ 1-0

[Event "Konyaalti op"]
[Site "Konyaalti"]
[Date "2019.11.18"]
[Round "3"]
[White "Gadimbayli, Abdulla Azar"]
[Black "Garayev, Khoshbakht"]
[Result "1/2-1/2"]
[WhiteElo "2447"]
[BlackElo "2338"]
[PlyCount "95"]
[EventDate "2019.11.17"]
[EventType "swiss"]
[EventRounds "9"]
[EventCountry "TUR"]
[SourceTitle "CBM 193 Extra"]
[Source "ChessBase"]
[SourceDate "2020.01.31"]
[SourceVersion "1"]
[SourceVersionDate "2020.01.31"]
[SourceQuality "1"]

1. e4 e5 2. Nf3 Nf6 3. d4 Nxe4 4. Bd3 d5 5. Nxe5 Nd7 6. Nxd7 Bxd7 7. 0-0 Bd6 8. Qh5 Qf6 9. Nc3 Qxd4 10. Be3 Qe5 11. Qxe5+ Bxe5 12. Nxd5 Nf6 13. Rae1 Nxd5 14. Bd4 0-0 15. Bxe5 Nb4 16. Bc4 Nxc2 17. Rc1 Nb4 18. Bxc7 Rfe8 19. a3 Nc6 20. Rfd1 Re7 21. Bd6 Ree8 22. Bd5 Rac8 23. Bc5 Be6 24. Bxc6 Rxc6 25. Bxa7 Bb3 26. Re1 Rxe1+ 27. Rxe1 h6 28. h3 Rc2 29. Re8+ Kh7 30. Re7 b5 31. Bd4 Rd2 32. Bc3 Rd1+ 33. Kh2 Be6 34. Rb7 Rd5 35. f4 h5 36. Kg3 Rf5 37. Be5 Bc4 38. Rc7 Be6 39. Kf2 h4 40. Ke3 g5 41. Ke4 Kg6 42. Rc5 gxf4 43. Bd4 Kg5 44. Be5 Kg6 45. Bd4 Kg5 46. Re5 Bd7 47. Rxf5+ Bxf5+ 48. Kf3 1/2-1/2

[Event "AZE-ch 73rd"]
[Site "Baku"]
[Date "2018.01.22"]
[Round "7"]
[White "Shahaliyev, Ismayil Bahram"]
[Black "Garayev, Khoshbakht"]
[Result "1/2-1/2"]
[WhiteElo "2404"]
[BlackElo "2260"]
[PlyCount "101"]
[EventDate "2018.01.15"]
[EventType "swiss"]
[EventRounds "9"]
[EventCountry "AZE"]
[SourceTitle "CBM 182 Extra"]
[Source "ChessBase"]
[SourceDate "2018.02.23"]
[SourceVersion "1"]
[SourceVersionDate "2018.02.23"]
[SourceQuality "1"]

1. e4 e6 2. d4 d5 3. Nd2 c5 4. Ngf3 cxd4 5. Nxd4 Nc6 6. Bb5 Bd7 7. Nxc6 Bxc6 8. Bxc6+ bxc6 9. c4 Nf6 10. Qa4 Qc7 11. exd5 exd5 12. 0-0 Be7 13. b3 0-0 14. Bb2 Ne4 15. Nxe4 dxe4 16. c5 f5 17. Rad1 Bf6 18. Qc4+ Kh8 19. Bxf6 Rxf6 20. Rd4 Qe7 21. Rfd1 e3 22. fxe3 Qxe3+ 23. Kh1 Re8 24. Rd8 Rff8 25. Rxe8 Rxe8 26. h3 h6 27. b4 Qf2 28. Qf1 Qxa2 29. Qxf5 Qe6 30. Qxe6 Rxe6 31. Ra1 Re4 32. Rxa7 Rxb4 33. Ra6 Rc4 34. Rxc6 h5 35. Kg1 Rc2 36. h4 Kh7 37. Kh2 Rc3 38. Rc8 Kg6 39. Rc7 Kh7 40. c6 Kg6 41. Rc8 Kf5 42. Rc7 g6 43. Rf7+ Ke6 44. Rg7 Kf6 45. Rc7 Kf5 46. Rc8 Kg4 47. c7 Kxh4 48. Rg8 Rxc7 49. Rxg6 Rc2 50. Rg8 Rxg2+ 51. Kxg2 1/2-1/2

[Event "AZE-ch 73rd"]
[Site "Baku"]
[Date "2018.01.15"]
[Round "1"]
[White "Asadli, Vugar Afgan Oglu"]
[Black "Garayev, Khoshbakht"]
[Result "1-0"]
[WhiteElo "2470"]
[BlackElo "2260"]
[PlyCount "57"]
[EventDate "2018.01.15"]
[EventType "swiss"]
[EventRounds "9"]
[EventCountry "AZE"]
[SourceTitle "CBM 182 Extra"]
[Source "ChessBase"]
[SourceDate "2018.02.23"]
[SourceVersion "1"]
[SourceVersionDate "2018.02.23"]
[SourceQuality "1"]

1. e4 e6 2. d4 d5 3. Nd2 a6 4. Ngf3 c5 5. exd5 exd5 6. dxc5 Bxc5 7. Nb3 Be7 8. Bd3 Nc6 9. h3 Nf6 10. 0-0 0-0 11. c3 Ne4 12. Nbd4 Bc5 13. Be3 Qd6 14. Re1 Re8 15. Qc2 Bd7 16. Rad1 h6 17. Bxe4 Rxe4 18. Nb3 b6 19. Nxc5 Rxe3 20. fxe3 bxc5 21. Qd2 Qg3 22. Qf2 Qxf2+ 23. Kxf2 Be6 24. e4 dxe4 25. Rxe4 Bxa2 26. Rd6 Rb8 27. b4 cxb4 28. Rxc6 b3 29. Rb4 1-0